El cole en nuestras manos
| Ente Autore: | |
|---|---|
| Natura: | Libro |
| Lingua: | spagnolo |
| Pubblicazione: |
San José, Costa Rica :
Ministerio de Educación pública,
2007
|
| Soggetti: |
MARC
| LEADER | 00000nam a2200000Ia 4500 | ||
|---|---|---|---|
| 008 | 180403b2007 cr ||||| |||| 00| 0|spa d | ||
| 999 | |c 1677 |d 1677 | ||
| 090 | |a 06.03.03 |b 1776 | ||
| 110 | 1 | |a Costa Rica. Ministerio de Educación Pública |9 545 | |
| 245 | 1 | 0 | |a El cole en nuestras manos |
| 260 | |a San José, Costa Rica : |b Ministerio de Educación pública, |c 2007 | ||
| 300 | |a 19 páginas | ||
| 650 | 1 | 4 | |a EDUCACIÓN PÚBLICA |9 394 |
| 650 | 1 | 4 | |a ENSEÑANZA |9 14 |
| 650 | 1 | 4 | |a APRENDIZAJE |9 387 |
| 651 | 4 | |9 47 |a COSTA RICA | |
| 942 | |i 002780 |h 06.03.03 1776 |2 z |c 01 | ||
